| 000 | 00987nam a22002417a 4500 | ||
|---|---|---|---|
| 003 | URS | ||
| 005 | 20250930102307.0 | ||
| 008 | 250917b |||||||| |||| 00| 0 eng d | ||
| 050 | 0 | 0 |
_aLG 221.R59 _b.C8892 2025 |
| 100 |
_aCruz, Edelyn P. _eResearcher |
||
| 245 |
_aAntas ng pagtanggap sa talatinigang gay-lingo ng mga mag aaral sa University of Rizal System Rodriguez/ _cEdelyn P. Cruz, Marianne Mendoza, [and] Raphael Charles N. Peralta |
||
| 260 | _c2025 | ||
| 300 |
_axi. 65 leaves _bIllustrations _c28cm |
||
| 336 |
_2rdacontent _atext |
||
| 337 |
_2rdamedia _aunmediated |
||
| 338 |
_2rdacarrier _avolume |
||
| 502 |
_aUndergraduate Thesis
_bBatsilyer sa Edukasyong Pansekondarya Medyor sa Filipino _cUniversity of Rizal System, Rodriguez Rizal _d2025 |
||
| 650 | _2Antas ng pagtanggap sa talatinigang gay-lingo | ||
| 700 |
_aMendoza, Marianne _eResearcher |
||
| 700 |
_aPeralta, Raphael Charles N. _eResearcher |
||
| 700 |
_aSamulde, Willie E. _eAdviser |
||
| 942 |
_2lcc _cT |
||
| 999 |
_c86908 _d86906 |
||